Escudos 3RFEF G7 y G8 - Estadísticas

Estadísticas generales
  • Esta prueba ha sido intentada 6 veces
  • La puntuación promedio es 30 de 37
Estadísticas de respuestas
Imagen Respuesta % Correcto
AD Parla
100%
Alcorcon B
100%
Almazan
100%
Aravaca
100%
Atletico Astorga
100%
Atletico Mansilles
100%
Atletico Tordesillas
100%
Becerril
100%
Briviesca
100%
Burgos B
100%
Canillas
100%
El Alamo
100%
Las Rozas
100%
Leganes B
100%
Mirandes B
100%
Mojados
100%
Palencia
100%
Rayo Vallecano B
100%
RCD Carabanchel
100%
Santa Marta
100%
Torrejon
100%
Tres Cantos
100%
Mexico FC
83%
SAD Villaverde
83%
Arandina
67%
Jupiter Leones
67%
La Virgen del Camino
67%
Atletico Bembibre
50%
CD Laguna
50%
Ciudad Rodrigo
50%
Palencia Cristo Atletico
50%
Villaralbo
50%
Cala Pozuelo
33%
CU Collado Villalba
33%
Galapagar
33%
RSD Alcala
33%
Trival Valderas
33%
No se encontraron pruebas coincidentes
Distribución de puntuación
Porcentaje de gente con cada puntuación
Porcentaje por número respondido
Historial de tus puntuaciones
No has intentado esta prueba.